Risk management: corporate governance and compliance

Pojem riziko a risk management. Riadenie spoločnosti v Európe. Správa podniku v Nemecku a iných európskych krajinách. Správa podniku v USA.

Guardado en:
Detalles Bibliográficos
Autor principal: Stiller, Diana
Otros Autores: Joehnk, Peter
Formato: Capítulo de libro
Lenguaje:inglés
Materias:
Etiquetas: Agregar Etiqueta
Sin Etiquetas, Sea el primero en etiquetar este registro!

MARC

LEADER 00000naa a2200000 4500
001 0169742
005 20231013085030.9
041 0 |a eng 
044 |a SK 
245 1 0 |a Risk management: corporate governance and compliance  |c Diana Stiller, Peter Joehnk 
520 |a Pojem riziko a risk management. Riadenie spoločnosti v Európe. Správa podniku v Nemecku a iných európskych krajinách. Správa podniku v USA. 
610 2 0 |a riadenie podnikové 
610 2 0 |a Nemecko 
610 2 0 |a USA 
610 2 0 |a správa podniku 
610 2 0 |a riadenie rizík 
100 1 |a Stiller, Diana 
700 1 |a Joehnk, Peter